| 000 | 00796nam a2200229Ia 4500 | ||
|---|---|---|---|
| 005 | 20251125132411.0 | ||
| 008 | 210716s2008 xx 000 0 und d | ||
| 020 | _a8126505176 | ||
| 040 | _cAIMIT LIBRARY | ||
| 041 | _aeng | ||
| 082 |
_a005.762 _22 _bBERM |
||
| 100 |
_aBerry, Michael J A. _946197 |
||
| 245 |
_aData mining techniques : _bfor marketing sales and customer relationship management / _cBy Michael J A Berry and Gordon S Linoff. |
||
| 250 | _a2nd ed. | ||
| 260 |
_aNew Delhi : _bWiley India Pvt Ltd , _c2008. |
||
| 300 |
_axix, 643p. ; _c23 cm. |
||
| 650 |
_aWhy and what is data mining _946198 |
||
| 650 |
_aData mining methodology and best practices _946199 |
||
| 650 |
_aDecision trees _946200 |
||
| 700 |
_aLinoff, Gordon S. _946201 |
||
| 942 |
_2ddc _cBK _e2nd _k005.762 BERM |
||
| 999 |
_c190532 _d190532 |
||